Every Currency in Stumble Guys - Statistics

General Stats
  • This quiz has been taken 17 times
    12 since last reset
  • The average score is 3 of 11
Answer Stats
Currencies % Correct
Gems
90%
Tokens
90%
Barbie Tokens
30%
Beast Bucks
30%
Beast Tokens
20%
Plungers
20%
Super Tokens
20%
Bananas
10%
Cartridges
0%
Easter Eggs
0%
Gold Brushes
0%
No matching quizzes found
Score Distribution
Percent of People with Each Score
Percentile by Number Answered
Your Score History
You have not taken this quiz since the last reset